Fake Opposites - Sudden Death - Statistics

General Stats
  • This quiz has been taken 27 times
  • The average score is 5 of 12
Answers on the Grid
Answers color-coded by a green-red scale on the quiz's grid according to % correct below.

Amass

Ameliorate

Atypical

Avow

Dehydrate

Disadvantage

Disannul

Disappear

Disapprove

Disgruntled

Dishearten

Disingenuous

Disobey

Illegal

Impending

Impossible

Inaccurate

Inactive

Incapable

Inflammable

Inhabitable

Inheritable

Invaluable

Invisible

Irregular

Irreplaceable

Unfit

Unhappy

Unkind

Unloosen

Unravel

Unthaw

 
Answer Stats
Answer % Correct

Amass

74%

Avow

63%

Impending

58%

Unloosen

53%

Ameliorate

42%

Inflammable

37%

Inhabitable

37%

Invaluable

37%

Unthaw

37%

Inheritable

32%

Unravel

32%

Disannul

16%
No matching quizzes found
Score Distribution
Percent of People with Each Score
Percentile by Number Answered
Your Score History
You have not taken this quiz